Communities within cities : an urban social geography
Αποθηκεύτηκε σε:
| Κύριος συγγραφέας: | |
|---|---|
| Άλλοι συγγραφείς: | |
| Μορφή: | Βιβλίο |
| Γλώσσα: | English |
| Δημοσίευση: |
London :
Belhaven ,
1993
|
| Θέματα: | |
| Ετικέτες: |
Προσθήκη ετικέτας
Δεν υπάρχουν, Καταχωρήστε ετικέτα πρώτοι!
|
MARC
| LEADER | 00000nam a2200000 i 4500 | ||
|---|---|---|---|
| 001 | 1/102365 | ||
| 008 | 950503s1993 eng d | ||
| 020 | |a 1852931531 | ||
| 035 | |l 10012476 | ||
| 040 | |a GR-MY-UA |b gre |e aacr | ||
| 041 | 0 | |a eng | |
| 082 | 0 | |a 307.76 | |
| 100 | 1 | |a Davies, Wayne K. D. | |
| 245 | 1 | 0 | |a Communities within cities : |b an urban social geography / |c Wayne K. D. Davies; David T. Herbert |
| 260 | |a London : |b Belhaven , |c 1993 | ||
| 300 | |a 196 p. | ||
| 650 | 0 | 0 | |a Sociology, Urban. |
| 650 | 0 | 0 | |a Human geography. |
| 650 | 0 | 0 | |a Cities and towns. |
| 700 | 1 | |a Herbert, David T. | |
| 852 | |a INST |b LESVOS |e 19950503 |h 307.76 DAV |p 005100001374 |q 005100001374 |t BK |y 0 | ||
| 909 | |a Λ |b 040653 | ||
| 922 | |a 1ΔΩΡ |b 199505 |c ΤΚ | ||